000 00444nam a22001817a 4500
005 20250718111346.0
008 250718b |||||||| |||| 00| 0 eng d
020 _a9780571225897
_qpbk
041 _aeng
082 _a823.914 CHE
100 _aCheek Mavis
245 _aSleeping Beauties
_c/ Mavis Cheek
250 _a1st ed
260 _aLondon
_bFaber & Faber
_c1996
300 _a209p. :
_c22cm
650 _aFiction
942 _cENGLISH
999 _c576149
_d576149